Estatísticas para Os 15 principais países afetados pela Covid-19 - 4 janeiro

Clique aqui para jogar o quiz

Estatísticas Gerais

  • Esse quiz foi jogado 15 vezes
  • A pontuação média é 14 de 29

Estatísticas das Respostas

país% Correto
Brasil
92%
Estados Unidos
92%
França
92%
Itália
92%
Alemanha
83%
Espanha
83%
Índia
83%
Argentina
75%
México
75%
Reino Unido
75%
Rússia
75%
Suécia
67%
Bélgica
58%
Colômbia
58%
Irão
42%
Suíça
42%
Turquia
42%
Países Baixos
33%
Israel
25%
Panamá
25%
Catar
17%
Croácia
17%
Polônia
17%
Armênia
8%
Bahrein
8%
Eslovénia
8%
Chéquia
0%
Geórgia
0%
Lituânia
0%

Distribuição das Pontuações

Percentil de Números Respondidos

Porcentagem de Pessoas com Cada Pontuação

Sua Pontuação Histórica

Você não jogou esse quiz